000 00507nam a2200157Ia 4500
008 210716s2008 xx 000 0 und d
020 _a9780070078086
041 _aeng
082 _a658 BATT
100 _aBateman, Thomas S;Snell, Scott A.
245 _aManagement: leading and collaborating in a competitive world.
_bLeading and collaborating in a competitive world.
250 _a8
260 _aNew Delhi
_bTata McGraw Hill Publishing Company Ltd
_c2008
300 _axxvi,835
650 _aMANAGEMENT
999 _c203342
_d203342